01668nam0a22003131 4500001001500000005001700015035002600032100004100058101001300099102000700112105001800119200016400137210009600301215001600397311011600413320003200529488023900561532004900800700007100849702012700920702011401047801002801161801003201189801003701221801003101258852002101289852001801310852002601328v19\rc\173284820260406140234.0 a(NLR Aleph) 005247673 a20061002d19011901|||y0rusy50 ca1 arusceng aRU ay z |||||1 aКонец Наполеона Ie(Наполеон на острове св. Елены)fЛорд РозбериgПер. с англ. К.К. Толстого aСанкт-Петербургcред. "Нового журн. иностр. лит."d1901 a110 с.d23 aОтт. из "Нового журн. иностр. лит., искусства и науки". 1901, №№ 3-8 aБиблиогр.: с. 3-17 012001#$aНовый журнал иностранной литературы, искусства и науки$v1901, № 3-8tНовый журнал иностранной литературы, искусства и науки11aКонец Наполеона Первого 1aРозбериbА.Ф.f1847-1929gАрчибальд Филипп 147308rus7caaТолстойbК. К.f1842-1913gКонстантин Константинович3RU\NLR\AUTH\7782546 045708rus7caaНаполеонcимператор французскийdIf1769-18213RU\NLR\AUTH\772913 0aRUbNLRc20061002gpsbo 0aRUbRuMoRGBc200610022psbo 1aRUbProSoft-Mc200610022rusmarc 2aRUbNLRc201001212rusmarc aNLRj37.77.4.113 aNLRj130/1458 aNLRbМфjК-1/22489